Internacionalizácia podnikania

Postavenie podnikov slovenského mliekarenského priemyslu v medzinárodnom podnikateľskom prostredí. Mliekarenské spoločnosti SR podnikajú v silnom konkurenčnom prostredí, preto sa procesu internacionalizácie podnikania prikladá veľký význam. Charakteristika pojmu "internacionalizácia podnikania". Vys...

ver descrição completa

Na minha lista:
Detalhes bibliográficos
Autor principal: Ubrežiová, Iveta
Formato: Capítulo de Livro
Idioma:eslovaco
Assuntos:
Tags: Adicionar Tag
Sem tags, seja o primeiro a adicionar uma tag!

MARC

LEADER 00000naa$a2200000$$$4500
001 0024639
005 20231108140710.8
041 0 |a slo 
044 |a SK 
245 1 0 |a Internacionalizácia podnikania  |c Iveta Ubrežiová 
520 |a Postavenie podnikov slovenského mliekarenského priemyslu v medzinárodnom podnikateľskom prostredí. Mliekarenské spoločnosti SR podnikajú v silnom konkurenčnom prostredí, preto sa procesu internacionalizácie podnikania prikladá veľký význam. Charakteristika pojmu "internacionalizácia podnikania". Vysvetlenie pojmov aliancia, fúzia, akvizícia. Nové formy podnikateľských subjektov. 
610 2 0 |a podnikanie 
610 2 0 |a internacionalizácia 
610 2 0 |a priemysel mliekarský 
610 2 0 |a Slovensko 
610 2 0 |a konkurencia 
610 2 0 |a fúzie 
610 2 0 |a akvizícia 
610 2 0 |a prostredie podnikateľské 
100 1 |a Ubrežiová, Iveta